| 000 | 00793nam a22002417a 4500 | ||
|---|---|---|---|
| 999 |
_c5517 _d5517 |
||
| 003 | AR-CdUCM | ||
| 008 | 190312b ||||| |||| 00| 0 spa d | ||
| 040 |
_aMUNICIPALIDAD PROVINCIAL DEL CUSCO _cBIBLIOTECA MUNICIPAL DEL CUSCO |
||
| 041 | _hfr | ||
| 082 |
_a111 / _bL399 |
||
| 100 |
_aLavelle, Louis _916543 |
||
| 245 | _aIntroducción a la ontología / | ||
| 260 |
_aMéxico, D.F : _bFondo de Cultura Económica, _c1953. |
||
| 300 |
_a137 páginas _c18 cm. |
||
| 440 |
_aBrevarios _n85 _916544 |
||
| 505 | _aContenido: Las categorías primarias de la ontología -- Las categorías primarias de la axiología. | ||
| 650 |
_aFilosofía _9395 |
||
| 650 |
_aValores _95705 |
||
| 650 |
_aOntología _915047 |
||
| 700 |
_aGaos, José (traductor) _913003 |
||
| 942 |
_2ddc _cLIBROS |
||
| 945 | _acmm | ||